Competencias en la comunicacin̤ hacia las prc̀ticas del discurso

Bibliographic Details
Main Author: Niǫ Rojas, Vc̕tor Miguel
Format: eBook
Language:Spanish
Published: Bogot:̀ ECOE, 2014
Subjects:
Online Access:Acceso restringido

MARC

LEADER 00000nam a22000007a 4500
005 20220210225332.0
007 cr|||| ||||
008 220210s2014 co |||||s|||| 00||0 spa d
020 |a 978-958-648-745-0 
035 |a 35796 
040 |a vLex 
090 |c 12944  |d 12944 
100 1 |a Niǫ Rojas, Vc̕tor Miguel 
245 1 0 |a Competencias en la comunicacin̤ hacia las prc̀ticas del discurso  |h [Recurso electrn̤ico] /  |c Vc̕tor Miguel Niǫ Rojas 
256 |a Servicio en ln̕ea 
260 |a Bogot:̀  |b ECOE,  |c 2014 
300 |a 1 recurso electrn̤ico 
500 |a Obra de carc̀ter didc̀tico, completa y actualizada, que recoge valiosos planteamientos y experiencias destinados a promover las habilidades comunicativas a nivel superior. Con el estilo didc̀tico que caracteriza al maestro, y, a la vez con una visin̤ ter̤ica profunda y actualizada, el autor describe paso a paso el proceso de generacin̤ e interpretacin̤ del discurso en el contexto de la comunicacin̤. Su props̤ito es motivar y orientar a los lectores en la tarea de producir sus propias piezas en los distintos gňeros de la oracin̤ y la escritura. 
506 1 |a Disponible solo en los productos indicados  |d vLex Global  |d vLex Global (Academic Edition, excluding Law Schools)  |d vLex Global (U.S. Academic Edition, Law Schools)  |d vLex Global (U.S. Academic Edition, excluding Law Schools)  |d vLex Global (Academic Edition, Law Schools) 
650 0 4 |a Telecomunicaciones  |z Colombia 
740 0 |a vLex Libros (Servicio en ln̕ea) 
856 4 0 |u https://app.vlex.com/#/sources/35796  |z Acceso restringido 
942 |c BOOK 
999 0 |a Telecommunications